| 000 | 00698nam a2200229 i 4500 | ||
|---|---|---|---|
| 003 | DO-SdBNP | ||
| 005 | 20241022105810.0 | ||
| 007 | ta | ||
| 008 | 241022e2007 dr o 000 0 spa d | ||
| 040 |
_aDO-SdBNP _bspa _cBNPHU _erda |
||
| 082 | 4 |
_a00 _bE96 _222 |
|
| 245 | 0 | 0 | _a1ra. Expo-Proyección de fotografía de prensa / |
| 246 | 0 | 0 | _aPrimera expo-proyección de fotografía de prensa / |
| 264 |
_a[Santo Domingo] : _bDiario Libre, _c2007. |
||
| 300 |
_a19 páginas : _bfotografías, _c28 cm |
||
| 336 |
_atexto _btxt _2rdacontent |
||
| 337 |
_asin mediación _bn _2rdamedia |
||
| 338 |
_avolumen _bnc _2rdacarrier |
||
| 590 | _aInventariado 2024 / YL | ||
| 910 | _aYLockward | ||
| 942 |
_2ddc _cLF2 |
||
| 999 |
_c57929 _d57929 |
||